000 00459ngm a2200181 i 4500
001 C2-0313553
003 PPAK
005 20180727220930.0
008 111120s2005 -hk|||| ||||| | vlchi d
040 _aPPAK
_beng
_cPPAK
_erda
245 1 0 _aInitial D
264 1 _aHong Kong :
_bMedia Asia Entertainment ,
_c2005
336 _2rdacontent
_atext
337 _2rdamedia
_aunmediated
338 _2rdacarrier
_avolume
700 _eauthor
942 _2ddc
_cDVD
999 _c166735
_d166735